| 000 | 00721nam a22002057a 4500 | ||
|---|---|---|---|
| 999 |
_c20601 _d20601 |
||
| 003 | AR-CdUCM | ||
| 008 | 190531b ||||| |||| 00| 0 spa d | ||
| 020 | _a84-252-0126-8 | ||
| 040 |
_aMUNICIPALIDAD PROVINCIAL DEL CUSCO _cBIBLIOTECA MUNICIPAL DEL CUSCO |
||
| 082 |
_22ed. _a463 / _bC28 |
||
| 100 |
_aCasares, Julio _910866 |
||
| 245 | _aDiccionario ideológico de la lengua española / | ||
| 260 |
_aBarcelona : _bGustavo Gili, _c1977. |
||
| 300 |
_a887 páginas ; _c24 cm. |
||
| 505 | _aContenido : Diccionario ideológico -- Plan de la obra e instrucciones para su manejo -- Manejo de la parte analógica... | ||
| 650 |
_aDiccionario _95196 |
||
| 650 |
_aIdeología _91109 |
||
| 942 |
_2ddc _cLIBROS |
||
| 945 | _aandy | ||